banner koha

Anais do Seminario de Tropicologia. Questoes da atualidade brasileira (Registro n. 281721)

MARC details
000 -LÍDER
campo de controle de tamanho fixo 00940nac a22002777a 4500
001 - NÚMERO DE CONTROLE
campo de controle BR8805371
003 - IDENTIFICADOR DO NÚMERO DE CONTROLE
campo de controle BR-BrBNA
005 - DATA E HORÁRIO DA ÚLTIMA TRANSAÇÃO
campo de controle 20240105120835.0
008 - CAMPO DE DADOS FIXOS--INFORMAÇÃO GERAL
campo de controle de tamanho fixo 230509b bl.|||m| |||| 00| 0 por d
040 ## - FONTE DA CATALOGAÇÃO
Instituição da catalogação original BR-BrBNA
Idioma da catalogação por
Instituição que transcreveu o registro Biblioteca Nacional de Agricultura
072 ## - CÓDIGO DE CATEGORIA DE ASSUNTO
Código de Categoria de Assunto E50; C20
090 ## - NÚMERO DE CHAMADA LOCAL
Número de chamada E50 BR8805371
100 1# - ENTRADA PRINCIPAL--NOME PESSOAL
Nome pessoal Miranda, M. do C.T. de (coord.)
110 1# - ENTRADA PRINCIPAL--NOME CORPORATIVO
Nome corporativo ou nome da jurisdição Fundacao Joaquim Nabuco, Recife, PE (Brasil)
9 (RLIN) 4977
111 1# - ENTRADA PRINCIPAL--NOME DO EVENTO
Nome do evento ou lugar Seminario de Tropicologia
Local do evento Recfe, PE (Brazil)
Data do evento ou assinatura do tratado Aug 1982
245 1# - TÍTULO
Título Anais do Seminario de Tropicologia. Questoes da atualidade brasileira
Restante do título tomo 16
260 3# - PUBLICAÇÃO, DISTRIBUIÇÃO, ETC.
Local de publicação, distribuição, etc. Recife, PE (Brasil):
Data da publicação, distribuição, etc. 1988.
300 ## - DESCRIÇÃO FÍSICA
Extensão 367 p.
490 ## - TÍTULO DA SÉRIE
Título da série Serie Curso e Conferencias - Fundacao Joaquim Nabuco (Brazil)
Número do volume ou designação sequencial da série no. 36
ISSN - International Standard Serial Number
650 ## - ASSUNTO--TERMO TÓPICO
Cabeçalho tópico ou nome geográfico TRABALHADOR RURAL
650 ## - ASSUNTO--TERMO TÓPICO
Cabeçalho tópico ou nome geográfico NIVEL DE VIDA
650 ## - ASSUNTO--TERMO TÓPICO
Cabeçalho tópico ou nome geográfico COMUNICACAO
650 ## - ASSUNTO--TERMO TÓPICO
Cabeçalho tópico ou nome geográfico JORNALISMO
909 ## -
-- 202312
-- Lúcia Elande
-- 55
-- Lúcia Elande
942 ## - ELEMENTOS DE ENTRADA ADICIONADOS (KOHA)
Fonte da classificação ou esquema de arquivamento na estante Classificação AGRIS
Ocultar no OPAC Não
Tipo de material Koha Monografia Seriada
Exemplares
Situação do descarte Fonte da classificação ou esquema de arquivamento na estante Situação física Não pode ser emprestado Coleção Biblioteca de origem Biblioteca atual Localização na estante Total de empréstimos Número de telefone completo Código de barras Data de último acesso Tipo de material Koha Fonte de aquisição
  Classificação AGRIS       Biblioteca Nacional de Agricultura - Binagri Biblioteca Nacional de Agricultura - Binagri Agrobase - Acervo Geral   E50 BR8805371 E50 BR8805371 18/12/2023 Monografia Seriada Portaria Interministerial nº 164/94

BINAGRI

Telefone: (61)3218-2567/2388/3357/2097 - binagri@agro.gov.br

Ministério da Agricultura e Pecuária , Esplanada dos Ministérios, Bloco D, Anexo B, Brasília/DF, CEP: 70.043-900